Serie B - Statistics

Statistiche generali
  • Questo quiz è stato fatto 31 volte
  • Il punteggio medio è 20 su 20
Statistiche sulle risposte
con Immagini Risposta % Corretto
bari
100%
catanzaro
100%
cittadella
100%
como
100%
cosenza
100%
lecco
100%
palermo
100%
parma
100%
pisa
100%
reggiana
100%
sampdoria
100%
spezia
100%
sudtirol
100%
ternana
100%
ascoli
97%
brescia
97%
feralpisalo
97%
modena
97%
venezia
97%
cremonese
93%
Nessun quiz corrispondente trovato
Distribuzione punteggi
Percentuale di utenti per punteggio
Percentile per numero di risposta
I tuoi punteggi nel tempo
Non hai fatto questo quiz